Normal view
MARC view
Entry Personal Name
001 - CONTROL NUMBER
- control field: 563902
003 - CONTROL NUMBER IDENTIFIER
- control field: OSt
005 - DATE AND TIME OF LATEST TRANSACTION
- control field: 20220930195122.0
008 - FIXED-LENGTH DATA ELEMENTS
- fixed length control field: 220930|| aca||aabn | a|a d
040 ## - CATALOGING SOURCE
- Original cataloging agency: OSt
- Transcribing agency: OSt
100 ## - HEADING--PERSONAL NAME
- Personal name: Nigam Nisha
670 ## - SOURCE DATA FOUND
- Source citation: Work cat.: (OSt)898626: Nigam Nisha, Satneen dashak (1961-70) ke natako par loknatya shaile ka prabhav, 1972
